[Event "Mechanics' Winter TNM; G/2 d5"]
[Site "San Francisco"]
[Date "2018.02.20"]
[Round "7.50"]
[White "Baer, Michael Alan"]
[Black "Rushton, Peter"]
[Result "1-0"]
[WhiteElo "1385"]
[BlackElo "1142"]
[PlyCount "101"]
[EventDate "2018.??.??"]
[Source "ChessBase"]
[SourceDate "2007.09.04"]

1. e4 e5 2. Bc4 Nf6 3. d3 Bc5 4. Nf3 Nc6 5. c3 d6 6. Bb3 b5 7. O-O Bg4 8. Nbd2
b4 9. h3 Bh5 10. Ba4 Qd7 11. cxb4 Bb6 12. Qc2 O-O 13. Bxc6 Qd8 14. Bxa8 Qxa8
15. Re1 a5 16. Qa4 Qa7 17. Rf1 c5 18. Nc4 Bc7 19. bxc5 dxc5 20. Be3 Bb6 21.
Nfxe5 Qc7 22. Qc6 Be2 23. Qxc7 Bxc7 24. Rfe1 Bh5 25. g4 Bg6 26. Nxg6 fxg6 27.
Bxc5 Re8 28. Bd6 Bd8 29. e5 Nd5 30. Re4 g5 31. Rc1 Nf4 32. Re3 Ne6 33. Kf1 a4
34. b4 axb3 35. axb3 g6 36. b4 Nd4 37. Re4 Nb5 38. d4 Nxd6 39. Nxd6 Re7 40. Rc8
Kg7 41. Rxd8 Ra7 42. e6 Kf6 43. e7 Rxe7 44. Rxe7 Kxe7 45. Nb7 h5 46. d5 hxg4
47. hxg4 Kf6 48. d6 Ke6 49. Rh8 Kd7 50. Rh7+ Kc8 51. d7+ 1-0

[Event "Mechanics' Spring TNM; G/2 d5"]
[Site "San Francisco"]
[Date "2018.04.10"]
[Round "4.43"]
[White "Baer, Michael Alan"]
[Black "Vemuri, Anand"]
[Result "1-0"]
[WhiteElo "1385"]
[BlackElo "1581"]
[PlyCount "76"]
[EventDate "2018.??.??"]
[Source "ChessBase"]
[SourceDate "2007.09.04"]

1. e4 c5 2. Nc3 d6 3. f4 Nc6 4. Nf3 e6 5. Bc4 a6 6. O-O b5 7. Be2 Nf6 8. d3 Be7
9. Qe1 O-O 10. e5 dxe5 11. fxe5 Nd7 12. Bf4 Nd4 13. Nxd4 cxd4 14. Ne4 Bb7 15.
Bf3 Qc7 16. Rc1 Nxe5 17. Nf6+ Bxf6 18. Bxb7 Qxb7 19. Bxe5 Bg5 20. Rd1 Be3+ 21.
Kh1 Rac8 22. Qg3 Bh6 23. Rf6 g6 24. c3 Bg7 25. Qf4 dxc3 26. Bxc3 b4 27. Be5 Rc2
28. Rg1 Rd8 29. Qg5 Rxd3 30. Qf4 Rd5 31. Qf3 Qe7 32. Rf1 Bxf6 33. Bxf6 Qf8 34.
Qe4 Rf5 35. Kg1 Qc5+ 36. Bd4 Rxf1+ 37. Kxf1 Qf5+ 38. Qf3 Qxf3+ 1-0

[Event "Mechanics' Winter TNM; G/2 d5"]
[Site "San Francisco"]
[Date "2018.02.27"]
[Round "8.7"]
[White "Bannan, Frank"]
[Black "Askin, David Benjamin"]
[Result "1-0"]
[WhiteElo "1894"]
[BlackElo "1983"]
[Annotator "Donaldson"]
[PlyCount "55"]
[EventDate "2018.??.??"]
[Source "ChessBase"]
[SourceDate "2007.09.04"]

1. e4 c6 2. c3 d5 3. e5 Bf5 4. d4 e6 5. Bd3 Bxd3 6. Qxd3 Nd7 (6... Qb6 {
intending ...Qa6 was worth considering.}) 7. f4 Nh6 8. Nf3 Be7 9. Nbd2 Nf5 10.
Nf1 c5 11. Ne3 Nxe3 12. Bxe3 c4 13. Qc2 b5 14. a3 Qb6 15. O-O O-O 16. Rae1 a5
17. f5 exf5 18. Qxf5 Qe6 19. Qh5 b4 20. axb4 axb4 21. Ra1 b3 22. Rxa8 (22. Bg5
$11) 22... Rxa8 23. g4 $2 Ra2 (23... g6 $1 24. Qh3 h5) 24. Rf2 $6 (24. Bg5 Rxb2
25. Bxe7 Qxe7 26. Ng5 h6 27. Nxf7 Ra2) 24... Nb6 (24... g6 25. Qh3 h5) 25. Bg5
Ra7 $6 (25... Bf8) 26. Bxe7 Rxe7 27. Qh4 Rd7 (27... Nd7 28. Ng5 Qg6 $11) 28.
Ng5 {Resignation was premature. While} (28. Ng5 Qg6 {is met by} (28... Qh6 29.
Qxh6 gxh6 30. e6 fxe6 31. Nxe6 Rf7 32. Nc5 $11) 29. Nxf7 $1 {
Black could have saved himself with 28...Qh6.}) 1-0

[Event "Mechanics' Winter TNM; G/2 d5"]
[Site "San Francisco"]
[Date "2018.02.20"]
[Round "7.49"]
[White "Bannan, Frank"]
[Black "Lesquillier, Walter"]
[Result "1-0"]
[WhiteElo "1894"]
[BlackElo "1794"]
[Annotator "Donaldson"]
[PlyCount "63"]
[EventDate "2018.??.??"]
[Source "ChessBase"]
[SourceDate "2007.09.04"]

1. e4 c5 2. Nf3 e6 3. c3 Nc6 4. d4 cxd4 5. Bc4 Nf6 6. e5 Nd5 7. Bxd5 exd5 8.
cxd4 Bb4+ 9. Nc3 d6 10. O-O dxe5 11. dxe5 Be6 12. Bg5 Qa5 13. Qd3 Bxc3 14. bxc3
O-O 15. h3 Rac8 16. Rfe1 Qc7 17. Rac1 Ne7 18. Nd4 a6 19. Qg3 Nf5 20. Nxf5 Bxf5
21. h4 Kh8 22. h5 h6 23. Bf4 Qc4 24. Qh4 Rce8 25. g3 Kh7 26. f3 b5 27. Qh2 f6
28. g4 Bd7 29. Re3 fxe5 30. Bxe5 d4 (30... Rxe5 $1 31. Rxe5 Rxf3 $19) 31. Qc2+
{Diagram [#]} Kh8 $2 (31... Bf5 $1 32. gxf5 dxe3 $19) 32. cxd4 $18 1-0

[Event "Mechanics' Spring TNM; G/2 d5"]
[Site "San Francisco"]
[Date "2018.04.24"]
[Round "6.25"]
[White "Bannan, Frank"]
[Black "Newey, Richard Her"]
[Result "0-1"]
[WhiteElo "1920"]
[BlackElo "1729"]
[Annotator "Donaldson"]
[PlyCount "96"]
[EventDate "2018.??.??"]
[Source "ChessBase"]
[SourceDate "2007.09.04"]

1. e4 c5 2. c3 d6 3. g3 Nf6 4. Bg2 (4. h3 Nxe4 5. Qa4+ Bd7 6. Qxe4 Bc6 7. Qc2
Bxh1 8. f3 Qd7 9. d3 Qe6+ 10. Kd1 Qf5 11. Qf2 Nd7 12. Nd2) 4... Nc6 5. Ne2 g6
6. O-O Bg7 7. d4 Qb6 8. Kh1 Nd7 (8... O-O) 9. d5 Nd8 10. Na3 O-O 11. Nc4 Qc7
12. Ne3 Rb8 13. a4 b6 14. Rb1 a6 15. f4 b5 16. axb5 axb5 17. Ra1 (17. b4) 17...
b4 18. Bd2 bxc3 19. Bxc3 Bxc3 20. bxc3 f6 21. Qd2 Nf7 22. g4 Rb6 23. Ng3 Ba6
24. Rg1 Rfb8 25. Qf2 Rb2 26. Qf3 Bc8 27. h4 Nf8 28. g5 Bd7 29. gxf6 exf6 30. h5
(30. Ngf5 Kh8 (30... gxf5 31. Bh3+ Kh8 32. Qg3 Ng6 33. exf5)) 30... Qc8 31.
hxg6 hxg6 32. Nh5 Nh7 {Diagram [#]} 33. f5 $2 (33. Qg3 $1 g5 34. e5 dxe5 35.
fxg5 fxg5 36. Be4) 33... gxh5 34. Qxh5 Nfg5 (34... Qf8) 35. Qg6+ (35. Nc4)
35... Kh8 36. Ra7 Qe8 37. Qh6 Nxe4 38. Bxe4 Qxe4+ 39. Ng2 Qxf5 (39... Rxg2 40.
Rxg2 Rb1+ 41. Kh2 Qe5+ 42. Rg3 Rb2+ 43. Kh3 Bxf5+ 44. Kh4 Rh2+ 45. Rh3 Rxh3#)
40. Rxd7 Qxd7 41. Nf4 Rg8 42. Ng6+ Rxg6 43. Rxg6 Qe7 44. Qh4 Rb1+ 45. Kh2 Qe5+
46. Rg3 Rb2+ 47. Kh3 Qf5+ 48. Qg4 Ng5+ 0-1

[Event "Mechanics' Spring TNM; G/2 d5"]
[Site "San Francisco"]
[Date "2018.04.10"]
[Round "4.33"]
[White "Bannan, Frank"]
[Black "Soffer, Aaron"]
[Result "1-0"]
[WhiteElo "1920"]
[BlackElo "1255"]
[PlyCount "44"]
[EventDate "2018.??.??"]
[Source "ChessBase"]
[SourceDate "2007.09.04"]

1. e4 e5 2. Nf3 Nc6 3. Bc4 Nf6 4. d3 Be7 5. O-O O-O 6. c3 d5 7. exd5 Nxd5 8. h3
Bf5 9. Re1 Bf6 10. Bb3 Nf4 11. Bxf4 exf4 12. d4 Qd7 13. Kh2 Rfe8 14. Nbd2 b5
15. Rxe8+ Rxe8 16. Qf1 a6 17. Re1 Rxe1 18. Qxe1 Na5 19. Bd5 h6 20. Be4 Be6 21.
a3 Nc4 22. Nxc4 Bxc4 {The position is equal at this point, although White went
on to win. The remaining moves are unavailable.} 1-0

[Event "Mechanics' Spring TNM; G/2 d5"]
[Site "San Francisco"]
[Date "2018.05.01"]
[Round "7.31"]
[White "Bannan, Frank"]
[Black "Tsodikova, Natalya"]
[Result "0-1"]
[WhiteElo "1920"]
[BlackElo "2191"]
[PlyCount "80"]
[EventDate "2018.??.??"]
[Source "ChessBase"]
[SourceDate "2007.09.04"]

1. e4 e5 2. Nf3 Nc6 3. Bc4 Bc5 4. c3 Nf6 5. Qe2 d6 6. h3 O-O 7. O-O a6 8. Bb3
Be6 9. d3 h6 10. Nbd2 Ba7 11. Nc4 Ne7 12. Be3 b5 13. Ncd2 Ng6 14. d4 Qe7 15.
Rfd1 c5 16. d5 Bd7 17. Bc2 Nh5 18. Ne1 Nhf4 19. Qf1 f5 20. exf5 Bxf5 21. Ne4 c4
22. Bxa7 Rxa7 23. Ng3 Bxc2 24. Nxc2 Nd3 25. Rd2 Ngf4 26. Nb4 Nxb4 27. cxb4 Nd3
28. Ne4 Nxb4 29. a4 Rd8 30. Qe2 Rb7 31. axb5 axb5 32. Qe3 Nd3 33. b3 Qf7 34.
bxc4 bxc4 35. Nc3 Rb3 36. Ra7 Qf4 37. Rc2 Rb6 38. Qxf4 Nxf4 39. Ne4 c3 40. Rxc3
Ne2+ 0-1

[Event "Mechanics' Spring TNM; G/2 d5"]
[Site "San Francisco"]
[Date "2018.05.08"]
[Round "8.46"]
[White "Baterdene, Jonathan"]
[Black "Malvar, Melchor"]
[Result "1-0"]
[WhiteElo "1202"]
[BlackElo "1477"]
[PlyCount "31"]
[EventDate "2018.??.??"]
[Source "ChessBase"]
[SourceDate "2007.09.04"]

1. d4 Nf6 2. c4 e6 3. Nc3 b6 $6 4. Nf3 (4. e4) 4... Bb7 5. e3 Bb4 6. Bd2 O-O 7.
Bd3 c6 $2 (7... c5) 8. e4 Ba6 9. Qc2 d5 10. b3 g6 11. Ne2 Be7 12. e5 Ne8 13.
Bh6 Ng7 14. h4 Bb4+ 15. Kf1 f5 16. exf6 {
White later went on to win. Remaining moves unavailable.} (16. Nf4 Qd7 17. h5)
1-0

[Event "Mechanics' Shipman TNM; G/2 d/5"]
[Site "San Francisco"]
[Date "2018.09.04"]
[Round "5.44"]
[White "Bayaraa, Timothy"]
[Black "Badgett Jr, James"]
[Result "1-0"]
[WhiteElo "1032"]
[BlackElo "1209"]
[PlyCount "37"]
[EventDate "2018.??.??"]
[Source "ChessBase"]
[SourceDate "2007.09.04"]

1. e4 c5 2. Nc3 e6 3. g3 Nc6 4. Nf3 g6 5. d4 cxd4 6. Nxd4 Nxd4 7. Qxd4 Qf6 8.
Qd3 a6 9. Be3 Qf3 10. Rg1 Qh5 11. g4 Qxh2 12. f4 Be7 13. O-O-O g5 14. Be2 gxf4
15. Rh1 Qg3 16. Bd4 f6 17. Bf3 e5 18. Rdg1 exd4 19. Rxg3 1-0

[Event "Mechanics' Shipman TNM; G/2 d/5"]
[Site "San Francisco"]
[Date "2018.09.25"]
[Round "8.34"]
[White "Bayaraa, Timothy"]
[Black "Baer, Michael Alan"]
[Result "0-1"]
[WhiteElo "1032"]
[BlackElo "1438"]
[PlyCount "56"]
[EventDate "2018.??.??"]
[Source "ChessBase"]
[SourceDate "2007.09.04"]

1. e4 g6 2. d4 Bg7 3. e5 d6 4. Bf4 dxe5 5. Be3 exd4 6. Bd2 e5 7. f3 Ne7 8. Bd3
Bf5 9. g4 Bxd3 10. cxd3 O-O 11. Nh3 Nd7 12. f4 exf4 13. Bxf4 Nf6 14. g5 Nfd5
15. Qb3 Qc8 16. Nd2 Qxh3 17. Bg3 Ne3 18. Qxb7 N7d5 19. Nf1 Nc2+ 20. Kd2 Qg2+
21. Kd1 Nde3+ 22. Nxe3 Qxb7 23. Nxc2 Qxh1+ 24. Kd2 Qg2+ 25. Kd1 Rfe8 26. a3 Re2
27. Bf4 Qf1+ 28. Ne1 Qxe1# 0-1

[Event "Mechanics' Winter TNM; G/2 d5"]
[Site "San Francisco"]
[Date "2018.01.09"]
[Round "1.38"]
[White "Bayaraa, Timothy"]
[Black "Chalissery, Jossy"]
[Result "1-0"]
[WhiteElo "973"]
[BlackElo "1680"]
[Annotator "Donaldson"]
[PlyCount "99"]
[EventDate "2018.??.??"]
[Source "ChessBase"]
[SourceDate "2007.09.04"]

1. e4 b6 2. Nc3 Bb7 3. Bc4 e6 4. Nf3 Bb4 5. a3 Bxc3 6. dxc3 Bxe4 7. Qd4 Nf6 8.
Bg5 Bxf3 9. gxf3 Nc6 10. Qd2 h6 11. Bxf6 Qxf6 12. O-O-O O-O-O 13. Ba6+ Kb8 14.
f4 g5 15. fxg5 Qxg5 16. f4 Qe7 17. Rhe1 f5 18. Qg2 Rdg8 19. Qf3 Rg7 20. b4 Nd8
21. Bb5 c6 22. Ba6 Qh4 23. b5 Qg4 24. Qh1 Qxf4+ 25. Kb1 Qc7 26. Rg1 Rhg8 27.
bxc6 Nxc6 28. Rxg7 Rxg7 29. h3 Na5 30. Rd4 Qxc3 31. Rc4 Qxc4 32. Bxc4 Nxc4 33.
Qh2+ Kc8 (33... e5) 34. Qf4 Nxa3+ $2 (34... b5) 35. Kb2 Nb5 {Diagram [#]} 36.
Qxh6 $2 (36. Qe5 $1 $11) 36... Rg8 (36... Rf7 $1 37. Qf4 Nc7 38. h4 Ne8 39. h5
Nf6) 37. Qh7 Rd8 38. Qg7 Nd6 39. h4 Ne8 40. Qe5 Nc7 41. h5 Re8 42. Qf4 Nd5 43.
Qd4 Nc7 44. h6 e5 45. Qg1 e4 46. h7 f4 47. Qg6 e3 48. Qxe8+ Nxe8 49. h8=Q Kd8
50. Qe5 1-0

[Event "Mechanics' Bedjanian TNM; G/2 d/5"]
[Site "San Francisco"]
[Date "2018.12.11"]
[Round "8.28"]
[White "Bayaraa, Timothy"]
[Black "Cohee, James"]
[Result "0-1"]
[WhiteElo "1075"]
[BlackElo "1625"]
[PlyCount "34"]
[EventDate "2018.??.??"]
[Source "ChessBase"]
[SourceDate "2007.09.04"]

1. e4 e5 2. d4 exd4 3. c3 d5 4. e5 dxc3 5. Bd3 Bc5 6. Nf3 Ne7 7. Ng5 Ng6 8. O-O
cxb2 9. Bxb2 Qxg5 10. Bc1 Qe7 11. Bb2 Be6 12. Qc2 Nc6 13. Qb3 O-O 14. Re1 Qg5
15. Bxg6 fxg6 16. Ba3 Rxf2 17. Qh3 Bxh3 0-1

[Event "Mechanics' Shipman TNM; G/2 d/5"]
[Site "San Francisco"]
[Date "2018.08.07"]
[Round "1.30"]
[White "Bayaraa, Timothy"]
[Black "Gossiaux, Ryan"]
[Result "0-1"]
[WhiteElo "1032"]
[BlackElo "1703"]
[PlyCount "48"]
[EventDate "2018.??.??"]
[Source "ChessBase"]
[SourceDate "2007.09.04"]

1. e4 e5 2. d4 exd4 3. c3 d5 4. Bd3 Nc6 5. Nf3 Bg4 6. h3 Bh5 7. g4 Bg6 8. Qe2
Qe7 9. Nxd4 Nxd4 10. cxd4 dxe4 11. Bc4 O-O-O 12. Be3 h5 13. g5 Bf5 14. Nc3 h4
15. O-O-O Qd7 16. d5 Bd6 17. Bb5 Qe7 18. Bxa7 Qxg5+ 19. Kb1 e3+ 20. Ka1 exf2
21. Qxf2 Qf4 22. Qe2 Bd7 23. Ba6 Re8 24. Qc2 bxa6 0-1

[Event "Mechanics' Walter Shipman TNM G/2 d/5"]
[Site "San Francisco"]
[Date "2018.10.02"]
[Round "9.33"]
[White "Bayaraa, Timothy"]
[Black "Harris, Clarence"]
[Result "0-1"]
[WhiteElo "1032"]
[BlackElo "1400"]
[Annotator "Winslow,Elliott"]
[PlyCount "52"]
[EventDate "2018.??.??"]
[Source "ChessBase"]
[SourceDate "2007.09.04"]

1. e4 e5 2. d4 exd4 3. c3 Qh4 $5 (3... dxc3) (3... d5) (3... Qe7 $5) 4. Bd3 c5
5. cxd4 cxd4 6. Nf3 Qg4 7. O-O Nc6 8. a3 Bc5 9. Re1 d6 10. Be2 Qd7 11. Bb5 a6
12. Bxc6 Qxc6 13. Nxd4 Qb6 14. Be3 Qxb2 15. Nd2 Bxd4 16. Bxd4 $4 {
Don't you want to get your piece back (with Qa4+) ??} (16. Qa4+) (16. Rb1 Qc3
17. Rc1 Qd3 18. Qa4+ b5 19. Qxd4 $11) 16... Qxd4 17. Qc2 Be6 18. Nf3 Qa7 19.
Rad1 Rc8 20. Qa4+ b5 21. Qa5 Rc2 22. Rd2 Rxd2 23. Nxd2 Nf6 24. e5 dxe5 25. Rd1
Ng4 26. Kh1 Nxf2+ 0-1

[Event "Mechanics' Spring TNM; G/2 d5"]
[Site "San Francisco"]
[Date "2018.05.01"]
[Round "7.42"]
[White "Bayaraa, Timothy"]
[Black "Harris, Clarence"]
[Result "0-1"]
[WhiteElo "1019"]
[BlackElo "1400"]
[PlyCount "76"]
[EventDate "2018.??.??"]
[Source "ChessBase"]
[SourceDate "2007.09.04"]

1. e4 e5 2. d4 Nc6 3. Nf3 Bd6 4. d5 Nce7 5. Bd3 Nf6 6. O-O O-O 7. Bg5 Ng6 8.
Nh4 Nxh4 9. Bxh4 Be7 10. f4 d6 11. fxe5 dxe5 12. Nd2 Ng4 13. Be2 Ne3 14. Bxe7
Qxe7 15. Qe1 Nxf1 16. Qxf1 Qc5+ 17. Kh1 Qxc2 18. Nf3 Qxe4 19. Bd3 Qxd5 20. Ng5
Be6 21. Nxe6 Qxe6 22. Qf3 Rad8 23. Bc2 Rd2 24. Bb3 Qd7 25. Rc1 c6 26. Bc2 Qd5
27. Be4 Qxa2 28. Qh5 g6 29. Qxe5 Qxb2 30. Qc5 Re8 31. Bf3 Re5 32. Qc4 Rd4 33.
Qf1 Rf5 34. Re1 Rd2 35. Qc4 Rxf3 36. Rf1 Rxg2 37. Rxf3 Rxh2+ 38. Kg1 Qg2# 0-1

[Event "Mechanics' Shipman TNM; G/2 d/5"]
[Site "San Francisco"]
[Date "2018.09.11"]
[Round "6.44"]
[White "Bayaraa, Timothy"]
[Black "Katsman, Solomon"]
[Result "1-0"]
[WhiteElo "1032"]
[BlackElo "1411"]
[PlyCount "29"]
[EventDate "2018.??.??"]
[Source "ChessBase"]
[SourceDate "2007.09.04"]

1. e4 e5 2. d4 exd4 3. c3 d6 4. cxd4 Be7 5. Nf3 Bg4 6. Be2 Nf6 7. d5 Nxe4 8.
Qa4+ Nd7 9. Qxe4 Nf6 10. Qd4 h6 11. Nc3 a6 12. Be3 Bf5 13. Qf4 Qd7 14. Nh4 Bh7
15. O-O {Unreadable, both scoresheets.} 1-0

[Event "Mechanics' Bedjanian TNM; G/2 d/5"]
[Site "San Francisco"]
[Date "2018.10.23"]
[Round "1.32"]
[White "Bayaraa, Timothy"]
[Black "Mays, Jerry L"]
[Result "0-1"]
[WhiteElo "1075"]
[BlackElo "1700"]
[PlyCount "54"]
[EventDate "2018.??.??"]
[Source "ChessBase"]
[SourceDate "2007.09.04"]

1. e4 e5 2. d4 exd4 3. c3 dxc3 4. Bc4 Qe7 5. Nxc3 c6 6. Nf3 b5 7. Bd3 Na6 8. a3
Nc7 9. e5 d5 10. O-O h6 11. Re1 Bd7 12. a4 b4 13. Na2 a5 14. b3 O-O-O 15. Qe2
Kb7 16. Bd2 g5 17. Nxb4 axb4 18. a5 g4 19. a6+ Ka8 20. Qe3 gxf3 21. Qb6 Rb8 22.
Qxc7 Be8 23. Qa5 Qe6 24. a7 Rc8 25. Qb6 Qg4 26. g3 Qh3 27. Ba6 $4 (27. Bf1 Qd7
28. Bxb4 $11) 27... Qg2# 0-1

[Event "Mechanics' Spring TNM; G/2 d5"]
[Site "San Francisco"]
[Date "2018.03.20"]
[Round "1.36"]
[White "Bayaraa, Timothy"]
[Black "Mays, Jerry L"]
[Result "0-1"]
[WhiteElo "1019"]
[BlackElo "1700"]
[PlyCount "64"]
[EventDate "2018.??.??"]
[Source "ChessBase"]
[SourceDate "2007.09.04"]

1. e4 e5 2. d4 exd4 3. c3 dxc3 4. Bc4 Qe7 5. Nxc3 c6 6. Nge2 b5 7. Bb3 Na6 8.
e5 Nc5 9. Be3 b4 10. Bxc5 Qxc5 11. Na4 Qxe5 12. Qd3 Nf6 13. f4 Qe4 14. Qd2 d5
15. O-O Bd6 16. Nd4 O-O 17. Rae1 Qg6 18. f5 Qg4 19. Bd1 Bxh2+ 20. Kxh2 Qh4+ 21.
Kg1 Ne4 22. Rxe4 dxe4 23. Qe3 Ba6 24. Rf4 Qg5 25. Rxe4 Qxe3+ 26. Rxe3 Rad8 27.
Be2 Bxe2 28. Nxe2 Rd5 29. g4 Ra5 30. b3 Rd5 31. Nf4 Rd2 32. Nc5 Rxa2 {
Black later won. Remaining moves unavailable.} 0-1

[Event "Mechanics' Spring TNM; G/2 d5"]
[Site "San Francisco"]
[Date "2018.04.17"]
[Round "5.42"]
[White "Bayaraa, Timothy"]
[Black "McEnroe, Glenn Aus"]
[Result "1/2-1/2"]
[WhiteElo "1019"]
[BlackElo "1500"]
[Annotator "McEnroe,G & Winslow,E"]
[PlyCount "106"]
[EventDate "2018.??.??"]
[Source "ChessBase"]
[SourceDate "2007.09.04"]

1. e4 e6 2. Nf3 d5 3. exd5 exd5 4. d4 Nf6 5. c4 c6 6. Nc3 Be7 7. Bd3 O-O 8. O-O
Bg4 (8... dxc4 9. Bxc4 Bg4) 9. Be2 (9. cxd5 Nxd5 10. Re1 (10. h3)) (9. Re1)
9... Re8 (9... dxc4 10. Bxc4 Bxf3 11. Qxf3 Qxd4) 10. Qc2 $2 Bd6 (10... dxc4 $15
) 11. Bg5 (11. cxd5 cxd5 12. h3 $11) 11... h6 12. Bh4 Nbd7 13. cxd5 cxd5 14.
Nxd5 Rc8 15. Bc4 $4 (15. Nxf6+ Nxf6 16. Qd3 $11) 15... b5 (15... Bxf3 16. gxf3
b5) 16. Nxf6+ Nxf6 17. Bxf7+ Kxf7 18. Qb3+ Kf8 19. Qxb5 Qb6 20. Qd3 Bxf3 21.
Qxf3 Qxd4 22. Rad1 Bxh2+ 23. Kxh2 Qxh4+ 24. Kg1 Kg8 25. g3 Qc4 26. Qb7 Qc7 27.
Qb3+ Qf7 28. Qa4 Re2 29. b3 Rcc2 30. Rd8+ Kh7 31. Qf4 Qe6 32. Rd6 Qe5 33. Qb4
$6 (33. Qxe5 {is still totally won for Black, but...}) 33... Rxa2 $6 $19 {
missing mate in six: and now} (33... Rxf2 $1 {and}) (33... Qxg3+ $3 34. Kh1
Rxf2 (34... Rc1)) 34. Rd8 Rad2 $4 35. Rxd2 $18 Re1 36. Ra2 Rxf1+ 37. Kxf1 Qc7
38. Qd4 Qb6 39. Qd3+ Kh8 40. b4 $6 Ng4 41. Qe4 (41. Rc2) 41... Nf6 42. Qa8+ $6
(42. Qc4) 42... Kh7 43. Rxa7 Qxb4 {Throw a move, hit a win. Except:} 44. Qd8 $4
Qb1+ $11 45. Kg2 Qe4+ 46. Kh2 $2 Ng4+ $17 47. Kg1 Qb1+ $2 (47... Qe1+ 48. Kg2
Qxf2+ 49. Kh3 Qxa7 50. Kxg4 Qf7 {Not easy to win}) 48. Kg2 Qe4+ 49. f3 $4 (49.
Kf1 {and}) (49. Kg1 {both, amazingly, survive.}) 49... Qe2+ 50. Kh3 {[#]} Qxf3
$4 (50... Nf2+ $1 51. Kg2 (51. Kh4 Qxf3 $1 {(the only way)} 52. Rxg7+ Kxg7 53.
Qe7+ Qf7 {and the crosscheck on f6 means "No perp!"}) 51... Ne4+ 52. Kh3 Ng5+ {
(or else mate, at the latest after} 53. Qxg5 (53. Kh4 Nxf3+ 54. Kg4 Nd4+ 55.
Kf4 Ne6+) 53... hxg5) 51. Ra2 (51. Rxg7+ Kxg7 52. Qe7+ Kh8 53. Qe8+) 51... Nf2+
52. Rxf2 Qxf2 53. Qd3+ Kg8 1/2-1/2

[Event "Mechanics' Winter TNM; G/2 d5"]
[Site "San Francisco"]
[Date "2018.01.23"]
[Round "3.38"]
[White "Bayaraa, Timothy"]
[Black "Robeal, Rafik"]
[Result "0-1"]
[WhiteElo "973"]
[BlackElo "1682"]
[PlyCount "52"]
[EventDate "2018.??.??"]
[Source "ChessBase"]
[SourceDate "2007.09.04"]

1. e4 d5 2. exd5 Qxd5 3. Nc3 Qa5 4. Bc4 Nf6 5. d4 c6 6. Nge2 Bf5 7. O-O e6 8.
Ng3 Bg6 9. Re1 Be7 10. Bf4 O-O 11. Re5 Qb4 12. Bd3 Bd6 13. a3 Qb6 14. Rg5 Bxf4
15. Rh5 Bxg3 16. Bxg6 hxg6 17. Rh3 Bf4 18. Qf3 Bh6 19. Ne4 Nbd7 20. g4 Nxe4 21.
Qxe4 Rad8 22. Rg3 Bg5 23. f4 Nf6 24. Qf3 Qxd4+ 25. Kh1 Bxf4 26. Rgg1 Qe4 0-1

[Event "Mechanics' Winter TNM; G/2 d5"]
[Site "San Francisco"]
[Date "2018.02.06"]
[Round "5.50"]
[White "Bayaraa, Timothy"]
[Black "Robertson, Terrance"]
[Result "0-1"]
[WhiteElo "973"]
[BlackElo "1483"]
[PlyCount "57"]
[EventDate "2018.??.??"]
[Source "ChessBase"]
[SourceDate "2007.09.04"]

1. e4 e5 2. Nf3 Nf6 3. Nxe5 d6 4. Nc4 Nxe4 5. d3 Nf6 6. Bg5 Be7 7. Qe2 O-O 8.
Nc3 Re8 9. Qf3 c6 10. Be2 Be6 11. Qg3 d5 12. Bh6 g6 13. Ne5 Nbd7 14. d4 Bf5 15.
h4 Nxe5 16. dxe5 Ne4 17. Nxe4 Bxe4 18. e6 Bf6 19. exf7+ Kxf7 20. h5 Bxc2 21.
hxg6+ Bxg6 22. Kd1 Bxb2 23. Rb1 Bxb1 24. Bh5+ Bg6 25. Qf4+ Bf6 26. Bxg6+ hxg6
27. g4 Re4 28. Qf3 Rd4+ 29. Bd2 0-1

[Event "Mechanics' Vartan Bedjanian TNM; G/2 d/"]
[Site "San Francisco"]
[Date "2018.11.07"]
[Round "3.29"]
[White "Bayaraa, Timothy"]
[Black "Sherwood, Peter"]
[Result "1-0"]
[WhiteElo "1075"]
[BlackElo "1611"]
[PlyCount "27"]
[EventDate "2018.??.??"]
[Source "ChessBase"]
[SourceDate "2007.09.04"]

1. e4 c5 2. Nc3 Nc6 3. Nf3 e6 4. d4 cxd4 5. Nxd4 Nf6 6. Nxc6 bxc6 7. Bd3 Be7 8.
O-O O-O 9. Bg5 Bb7 10. e5 Nd5 11. Bxe7 Nxe7 12. Ne4 Qb6 13. Qh5 g6 $4 (13...
Ng6) 14. Nf6+ 1-0

[Event "Mechanics' Bedjanian TNM; G/2 d/5"]
[Site "San Francisco"]
[Date "2018.10.23"]
[Round "1.17"]
[White "Bedjanian, Arde"]
[Black "James, Charles"]
[Result "1-0"]
[WhiteElo "1937"]
[BlackElo "1421"]
[PlyCount "65"]
[EventDate "2018.??.??"]
[Source "ChessBase"]
[SourceDate "2007.09.04"]

1. d4 d5 2. c4 c6 3. Nc3 Nf6 4. Bg5 dxc4 5. a4 Bf5 6. Bxf6 exf6 7. e4 Bg6 8.
Bxc4 Bb4 9. Qb3 a5 10. O-O-O O-O 11. Nge2 Nd7 12. f3 Nb6 13. h4 h6 14. Nf4 Nxc4
15. Qxc4 Bh7 16. Nd3 Bxc3 17. Qxc3 Qc7 18. g4 Rac8 19. Rd2 Rfd8 20. Nc5 b6 21.
Nb3 Qf4 22. Rhd1 Rd7 23. Kb1 Rdc7 24. Ka2 $14 g5 $2 25. Rh1 c5 26. d5 Qe5 27.
Rdh2 Kg7 28. hxg5 Qxg5 29. Rxh6 Qxh6 30. Rxh6 Kxh6 31. Qxf6+ Bg6 32. Nd2 Kh7
33. Nc4 1-0

[Event "Mechanics' Summer TNM; G/2 d/5"]
[Site "San Francisco"]
[Date "2018.06.12"]
[Round "3.37"]
[White "Bellamy, Chase"]
[Black "Bhattacharjee, Shiva"]
[Result "0-1"]
[WhiteElo "927"]
[BlackElo "1614"]
[PlyCount "84"]
[EventDate "2018.??.??"]
[Source "ChessBase"]
[SourceDate "2007.09.04"]

1. e4 c5 2. Nf3 Nc6 3. Bc4 e6 4. d3 Nf6 5. Bg5 Be7 6. O-O O-O 7. Nc3 a6 8. Qe2
b5 9. Bb3 Ng4 10. Bxe7 Qxe7 11. Nd2 Qh4 12. Nf3 Qh6 13. h3 Nge5 14. Nxe5 Nxe5
15. Rad1 Nc6 16. Qe3 d6 17. Qxh6 gxh6 18. Rfe1 Bd7 19. Re3 Kh8 20. Ne2 a5 21.
a3 a4 22. Ba2 Nd4 23. Rd2 b4 24. axb4 Nxe2+ 25. Rdxe2 cxb4 26. e5 d5 27. d4 Bb5
28. Rd2 f5 29. g3 Rg8 30. f4 Rg7 31. Rg2 Rc8 32. Kh1 Bf1 33. Rh2 Rcg8 34. Kg1
Bb5 35. Rg2 h5 36. h4 Rc7 37. b3 Rc3 38. Rxc3 bxc3 39. bxa4 Bxa4 40. Bb3 Ra8
41. Kf2 Bxb3 42. cxb3 Ra2+ 0-1

[Event "Mechanics' Spring TNM; G/2 d5"]
[Site "San Francisco"]
[Date "2018.04.24"]
[Round "6.40"]
[White "Bennett, Tavis Lee"]
[Black "Bayaraa, Timothy"]
[Result "1-0"]
[WhiteElo "1461"]
[BlackElo "1019"]
[PlyCount "109"]
[EventDate "2018.??.??"]
[Source "ChessBase"]
[SourceDate "2007.09.04"]

1. e4 e5 2. Nf3 Nc6 3. Bb5 a6 4. Bxc6 dxc6 5. c4 Nf6 6. Nc3 Bb4 7. Qc2 O-O 8.
d3 Qd6 9. Bg5 Bc5 10. Na4 b5 11. Nxc5 Qxc5 12. Bxf6 gxf6 13. O-O Bg4 14. Nh4
Qe7 15. Nf5 Bxf5 16. exf5 Kh8 17. Rfe1 Rg8 18. d4 Rae8 19. Re3 Qd7 20. dxe5
fxe5 21. Rd1 Qe7 22. Rh3 f6 23. Rhd3 bxc4 24. Qxc4 Qg7 25. Rg3 Qh6 26. Rdd3 e4
27. Rde3 Rd8 28. h3 Rge8 29. Qxc6 Re7 30. Rxe4 Rxe4 31. Qxe4 Qc1+ 32. Kh2 Qxb2
33. Qe7 Rg8 34. Rxg8+ Kxg8 35. Qd8+ Kg7 36. Qxc7+ Kh6 37. Qf4+ Kg7 38. Qg3+ Kf7
39. Qb3+ Qxb3 40. axb3 Ke7 41. g4 h6 42. f4 a5 43. Kg2 Kd6 44. Kf3 Kc5 45. g5
hxg5 46. fxg5 fxg5 47. Kg4 Kd6 48. Kxg5 Ke7 49. Kg6 Kf8 50. Kf6 Kg8 51. Ke7 Kg7
52. f6+ Kh7 53. f7 a4 54. bxa4 Kg6 55. f8=Q 1-0